Monitoring of selected elements in wine and geochemical characterization of soil from vineyards regions in Slovakia

Bibliographic Details
Main Authors: Suhaj, Milan (Author), Daško, Ľubomír (Author), Koreňovská, Mária (Author)
Format: Article
Language:Slovak
English
PhysicalDescription:Obr., tab.
ISSN:1335-096X
Subjects:

MARC

LEADER 00000nab a2200000 a 4500
001 vtls000876610
003 SK-MaSNL
005 20260305034801.0
008 250429c2003 xo 0 slo
015 |a SNBRB2004/06-18744 
035 |a CLN000228162 
035 |a urn:nbn:sk:snk-ab9c6r 
035 |a (urnnbn)urn:nbn:sk:snk:ar-a088m1 
035 |a (uuid)7ff709dc-fbf7-4651-9c23-7d30ba87b68d 
040 |a SNKBUCL  |b slo  |c SNKBUCL  |e AACR2 
041 0 |a eng 
044 |a xo  |c SK 
080 |a 663.2(437.6):550.4  |2 1997 
080 |a 631.95  |2 1997 
080 |a 550.4  |2 1997 
080 |a 631.41(437.6):634.8  |2 1997 
080 |a 634.8  |2 1997 
100 1 |a Suhaj, Milan  |4 aut  |9 7831 
245 1 0 |a Monitoring of selected elements in wine and geochemical characterization of soil from vineyards regions in Slovakia  |c Milan Suhaj, Mária Koreňovská, Ľubomír Daško 
300 |b Obr., tab. 
504 |a Res. angl. 
504 |a Bibliogr. odkazy 
650 0 7 |a víno  |x látky toxické  |x geochémia  |z Slovensko  |2 snkbucl  |9 1616705 
650 0 7 |a vinice  |2 snkbucl 
655 7 |a články z novín a časopisov  |2 snkbucl  |9 267496 
700 1 |a Daško, Ľubomír  |4 aut  |9 542247 
700 1 |a Koreňovská, Mária  |4 aut  |9 779602 
773 0 |t Slovak geological magazine  |g Roč. 9, č. 2-3 (2003), s. 189-192  |x 1335-096X 
850 |a Slovenská národná knižnica 
852 |a Slovenská národná knižnica 
958 |a article13 
958 |a SK 
958 |a NB 
958 |a OND 
958 |a EUIPO 
999 |c 3330697  |d 3332627